| 000 | 00715 a2200241 4500 | ||
|---|---|---|---|
| 005 | 20260406160934.0 | ||
| 008 | 260406b |||||||| |||| 00| 0 eng d | ||
| 020 | _a978-81-988857-6-0 | ||
| 037 | _cTB | ||
| 040 |
_aCRL _cCRL |
||
| 041 |
_2eng _aeng |
||
| 084 |
_aV2:594.P3 R6 _qCRL |
||
| 100 |
_aRajneesh Kumar _91113190 |
||
| 245 |
_aIndia's aerospace power: _bthe central Asian dynamics |
||
| 260 |
_aNew Delhi, India: _bKW Publishers, _c2026. |
||
| 300 | _a240p. | ||
| 365 |
_b1280 _cINR |
||
| 650 | _aIndia-History | ||
| 650 | _aMilitary Science | ||
| 650 | _aHistory | ||
| 942 |
_cTB _2CC _hV2:594.P3 R6 |
||
| 999 |
_c1678505 _d1678505 |
||